banner koha

Qualidade que faz a diferença (Registro n. 300559)

MARC details
000 -LÍDER
fixed length control field 00911nab a22002897a 4500
003 - CÓDIGO MARC DA AGÊNCIA CATALOGADORA
Campo de controle BR-BrBNA
005 - DATA E HORA DA ÚLTIMA ATUALIZAÇÃO
Campo de controle 20240814154445.0
008 - CAMPO DE TAMANHO FIXO
fixed length control field 240717b bl.||||| |||| 00| 0 por d
040 ## - FONTE DA CATALOGAÇÃO
Agência catalogadora BR-BrBNA
Idioma da catalogação por
072 ## - CATEGORIA AGRIS
Código AGRIS F01 ; Q60 ; E71
Código do objeto 0430
100 ## - ENTRADA PRINCIPAL - NOME PESSOAL
Nome pessoal Melo, Janete
245 ## - TÍTULO PRINCIPAL
Título principal Qualidade que faz a diferença
Subtítulo Ouro Branco
500 ## - NOTA GERAL
Nota geral 6 illus.; 1 table; 1 graph
942 ## - ADDED ENTRY ELEMENTS (KOHA)
Koha item type
650 ## - ASSUNTO - THESAGRO
Cabeçalho tópico ou nome geográfico COTONICULTURA
650 ## - ASSUNTO - THESAGRO
Cabeçalho tópico ou nome geográfico ALGODÃO
650 ## - ASSUNTO - THESAGRO
Cabeçalho tópico ou nome geográfico PLANTA TÊXTIL
650 ## - ASSUNTO - THESAGRO
Cabeçalho tópico ou nome geográfico PLUMA
650 ## - ASSUNTO - THESAGRO
Cabeçalho tópico ou nome geográfico FIBRA
650 ## - ASSUNTO - THESAGRO
Cabeçalho tópico ou nome geográfico QUALIDADE
650 ## - ASSUNTO - THESAGRO
Cabeçalho tópico ou nome geográfico PRODUÇÃO
650 ## - ASSUNTO - THESAGRO
Cabeçalho tópico ou nome geográfico BENEFICIAMENTO
650 ## - ASSUNTO - THESAGRO
Cabeçalho tópico ou nome geográfico EXPORTAÇÃO
650 ## - ASSUNTO - THESAGRO
Cabeçalho tópico ou nome geográfico OESTE DA BAHIA
773 0# - ENTRADA ANALÍTICA
Host Biblionumber 4604
Registro do item 317191
Imprenta Palmas - Tocantins Terranova Gráfica e Editora Jornalística Ltda 2005
Outro identificador 2024-3815
Título Cerrado Rural Agronegócios (Brazil)
ISSN 1980-2595
Colação v. 4(20) p. 15-18; (Sep 2006)
Número de controle de registro BR2024001969

Nenhum exemplar disponível.

BINAGRI

Telefone: (61)3218-2567/2388/3357/2097 - binagri@agro.gov.br

Ministério da Agricultura e Pecuária , Esplanada dos Ministérios, Bloco D, Anexo B, Brasília/DF, CEP: 70.043-900